| 000 | 01053nam a2200241 a 4500 | ||
|---|---|---|---|
| 003 | AM-YEHGA | ||
| 005 | 20250617164820.0 | ||
| 008 | 220406s1962 ru a||||r|||||00||0|rus|| | ||
| 040 | _aAM-YeHGA | ||
| 041 | 0 | _arus | |
| 100 | 1 | _aСолнцева, Лариса Павловна | |
| 245 | 1 | 0 |
_aЧехословацкий театр сегодня / _cЛ. Солнцева ; АН СССР, Ин-т истории искусств. |
| 260 |
_aМосква : _bИзд-во АН СССР, _c1962. |
||
| 300 |
_a160 с. : _bил. ; _c20 см. |
||
| 650 | 1 | 4 | _aТеатральное искусство |
| 650 | 1 | 4 | _aЧехословацкий драматический театр |
| 653 | 0 | _aДраматические театры - Чехословацкая Социалистическая Республика | |
| 710 | 2 | _aАкадемия наук СССР | |
| 710 | 2 | _aИнститут истории искусств Министерства культуры СССР | |
| 942 |
_2udc _cBK |
||
| 001 | 1827734 | ||
| 090 | _c568490 | ||
| 999 |
_c529999 _d529999 |
||